Communication techniques for your success everywhere / (Record no. 19485)

MARC details
000 -LEADER
fixed length control field 01148nam a22002657a 4500
008 - FIXED-LENGTH DATA ELEMENTS--GENERAL INFORMATION
fixed length control field 081204t xxu||||| |||| 00| 0 eng d
010 ## - LCCN (DPL NO)
LC control number ENG-91989
020 ## - INTERNATIONAL STANDARD BOOK NUMBER
International Standard Book Number 9788183081153
Terms of availability 59.00
020 ## - INTERNATIONAL STANDARD BOOK NUMBER
International Standard Book Number 8183081150
Terms of availability 59.00
020 ## - INTERNATIONAL STANDARD BOOK NUMBER
International Standard Book Number 8183080499
Terms of availability 59.00
035 ## - SYSTEM CONTROL NUMBER
System control number EN-75522
037 ## - SOURCE OF ACQUISITION
Source of stock number/acquisition DBAD / PUB
040 ## - CATALOGING SOURCE
Original cataloging agency dpl
Language of cataloging English
082 ## - DEWEY DECIMAL CLASSIFICATION NUMBER
Classification number 302.2
100 ## - MAIN ENTRY--PERSONAL NAME
Personal name Muralidharan
245 ## - TITLE STATEMENT
Title Communication techniques for your success everywhere /
Statement of responsibility, etc by Muralidharan; illustrated by P.L.V. Ragavan
260 ## - PUBLICATION, DISTRIBUTION, ETC. (IMPRINT)
Place of publication, distribution, etc Chennai
Name of publisher, distributor, etc CBH Publishers & Distributors
Date of publication, distribution, etc 2004
270 ## - ADDRESS
Address 20, Vijayalakshmi Street, Mahalingapuram, Nungambakkam,
City Chennai
Postal code 600034
300 ## - PHYSICAL DESCRIPTION
Extent 110p.:
Dimensions 20cm (pbk)
Other physical details ill.
650 ## - SUBJECT ADDED ENTRY--TOPICAL TERM
Topical term or geographic name as entry element Communication.
700 ## - ADDED ENTRY--PERSONAL NAME
Personal name Ragavan, P.L.V.
942 ## - ADDED ENTRY ELEMENTS (KOHA)
Source of classification or shelving scheme Dewey Decimal Classification
Item type English Books
Call number suffix MUR
Classification part 302.2
Holdings
Withdrawn status Lost status Source of classification or shelving scheme Damaged status Not for loan Collection code Home library Current library Date acquired Source of acquisition Cost, normal purchase price Total Checkouts Full call number Barcode Date last seen Copy number Cost, replacement price Koha item type Total Renewals
    Dewey Decimal Classification   Not For Loan Non-fiction D.B.Act.Division D.B.Act.Division 04/12/2008 DBAD / PUB 59.00   302.2 MUR EN-75522 04/12/2008 1 59.00 English Books  
    Dewey Decimal Classification     Non-fiction Vinoba Puri Vinoba Puri 05/03/2009   59.00 8 302.2 MUR B-317798 18/01/2021   59.00 English Books 1

© Delhi Public Library
Hit Counter
free hit counter